000 00305nam a22001337a 4500
008 170208b xxu||||| |||| 00| 0 eng d
020 _aman-005
041 _aeng
080 _a61
100 _a4
101 _aSHM
245 _aSTANDARDS, RECOMMENDED PRACTICES, AND GUIDELINES
_cFOGG, D
942 _2udc
_cBK
999 _c4933
_d4933